Czech Eurovision Acts by Picture - Statistics

General Stats
  • This quiz has been taken 5 times
  • The average score is 10 of 15
Answer Stats
Picture Hint Answer % Correct
Eurovision Song Contest 2025 – “Kiss Kiss Goodbye” Adonxs
75%
Eurovision Song Contest 2024 – “Pedestal” Aiko
75%
Eurovision Song Contest 2020 – “Kemama” Benny Cristo
75%
Eurovision Song Contest 2021 – “Omaga” Benny Cristo
75%
Eurovision Song Contest 2026 – “Crossroads” Daniel Žižka
75%
Eurovision Song Contest 2016 – “I Stand” Gabriela Gunčíková
75%
Eurovision Song Contest 2007 – “Malá dáma” Kabát
75%
Eurovision Song Contest 2019 – “Friend of a Friend” Lake Malawi
75%
Eurovision Song Contest 2018 – “Lie to Me” Mikolas Josef
75%
Eurovision Song Contest 2023 – “My Sister's Crown” Vesna
75%
Eurovision Song Contest 2022 – “Lights Off” We Are Domi
75%
Eurovision Song Contest 2009 – “Aven Romale” Gipsy.cz
50%
Eurovision Song Contest 2017 – “My Turn” Martina Bárta
50%
Eurovision Song Contest 2015 – “Hope Never Dies” Marta Jandová & Václav Noid Bárta
25%
Eurovision Song Contest 2008 – “Have Some Fun” Tereza Kerndlová
25%
No matching quizzes found
Score Distribution
Percent of People with Each Score
Percentile by Number Answered
Your Score History
You have not taken this quiz